| 000 | 01156nam a2200301 a 4500 | ||
|---|---|---|---|
| 001 | ebr10713156 | ||
| 003 | CaPaEBR | ||
| 006 | m o u | ||
| 007 | cr cn||||||||| | ||
| 008 | 130606s2013 enkaf s 000 0aeng d | ||
| 020 | _z9781780764993 | ||
| 020 | _z9780857721969 (e-book) | ||
| 040 |
_aCaPaEBR _cCaPaEBR |
||
| 035 | _a(OCoLC)846663046 | ||
| 043 | _ae-uk--- | ||
| 050 | 1 | 4 |
_aK2146 _b.W38 2013eb |
| 082 | 0 | 4 |
_a347.41014 _223 |
| 100 | 1 | _aWaterhouse, Ronald. | |
| 245 | 1 | 0 |
_aChild of another century _h[electronic resource] : _brecollections of a High Court Judge / _cRonald Waterhouse. |
| 260 |
_aLondon : _bRadcliffe Press, _c2013. |
||
| 300 |
_ax, 310 p., [16] p. of plates : _bill. |
||
| 533 |
_aElectronic reproduction. _bPalo Alto, Calif. : _cebrary, _d2013. _nAvailable via World Wide Web. _nAccess may be limited to ebrary affiliated libraries. |
||
| 600 | 1 | 0 | _aWaterhouse, Ronald. |
| 650 | 0 |
_aJudges _zGreat Britain _vBiography. |
|
| 655 | 7 |
_aElectronic books. _2local |
|
| 710 | 2 | _aebrary, Inc. | |
| 856 | 4 | 0 |
_uhttp://site.ebrary.com/lib/rucke/Doc?id=10713156 _zAn electronic book accessible through the World Wide Web; click to view |
| 999 |
_c16051 _d16051 |
||